000 00309nam a22001337a 4500
008 170823b xxu||||| |||| 00| 0 eng d
020 _a0387976639
041 _aeng
080 _a514
100 _a38
101 _aMAT
245 _aMODERN GEOMETRY-METHODS AND APPLICATIONS
_cDUBROVIN,B.A
942 _2udc
_cBK
999 _c24729
_d24729